Treatise on hydraulics (Record no. 544332)
[ view plain ]
| 000 -LEADER | |
|---|---|
| fixed length control field | 00577cam a2200169K 4500 |
| 082 ## - DEWEY DECIMAL CLASSIFICATION NUMBER | |
| Classification number | 532 |
| Author Mark | MER |
| -- | L-tech, P-150. |
| 100 1# - MAIN ENTRY--PERSONAL NAME | |
| Personal name | Merriman, Mansfield, |
| 9 (RLIN) | 39949 |
| 245 10 - TITLE STATEMENT | |
| Title | Treatise on hydraulics |
| Statement of responsibility, etc. | by Mansfield Merriman ... |
| 250 ## - EDITION STATEMENT | |
| Edition statement | 8th ed., rewritten and enl. |
| 260 ## - PUBLICATION, DISTRIBUTION, ETC. | |
| Place of publication, distribution, etc. | New York, |
| Name of publisher, distributor, etc. | J. Wiley & Sons; [etc. |
| Date of publication, distribution, etc. | 1905, c1903] |
| 300 ## - PHYSICAL DESCRIPTION | |
| Extent | 1 online resource (viii, 585 p.) |
| Other physical details | diagrs. |
| 526 ## - STUDY PROGRAM INFORMATION NOTE | |
| Program name | 0 |
| Interest level | 0 |
| Reading level | 0 |
| Title point value | 532_000000000000000_MER |
| 650 #0 - SUBJECT ADDED ENTRY--TOPICAL TERM | |
| Topical term or geographic name entry element | Hydraulics. |
| 650 #0 - SUBJECT ADDED ENTRY--TOPICAL TERM | |
| Topical term or geographic name entry element | MCE |
| 9 (RLIN) | 379 |
| 856 40 - ELECTRONIC LOCATION AND ACCESS | |
| Uniform Resource Identifier | <a href="http://catalog.hathitrust.org/api/volumes/oclc/29303291.html">http://catalog.hathitrust.org/api/volumes/oclc/29303291.html</a> |
| 942 ## - ADDED ENTRY ELEMENTS (KOHA) | |
| Source of classification or shelving scheme | |
| Koha item type | Book |
| Withdrawn status | Lost status | Source of classification or shelving scheme | Damaged status | Not for loan | Permanent Location | Current Location | Date acquired | Total Checkouts | Full call number | Barcode | Date last seen | Price effective from | Koha item type |
|---|---|---|---|---|---|---|---|---|---|---|---|---|---|
| Military College of Engineering (MCE) | Military College of Engineering (MCE) | 04/17/2014 | 532 MER | MCE-40500 | 04/17/2014 | 04/17/2014 | Book |
